| 000 | 01103nam a2200265Ia 4500 | ||
|---|---|---|---|
| 003 | OSt | ||
| 005 | 20221005105216.0 | ||
| 006 | a|||||r|||| 00| 0 | ||
| 007 | ta | ||
| 008 | 221004b |||||||| |||| 00| 0 hin d | ||
| 020 |
_a9789383292141 (hbk) _c1495 |
||
| 024 | _a21840 | ||
| 037 |
_b87, 09/02/2015, Mallika Books _cTextual |
||
| 040 |
_aCRL _cCRL _bhin |
||
| 041 |
_2hin _ahin |
||
| 082 | _aO152,6N731x, Q4 | ||
| 100 | _aयादव, वीरेन्द्र सिंह | ||
| 245 | 0 | _aभारत में चिन्तन की परम्परा एवं सामाजिक परिप्रेक्ष्य | |
| 246 | _aBhārat mean chintan kī paramparā evan sāmājik pariprekṣhya | ||
| 260 |
_aनई दिल्ली _bअल्फा पब्लिकेशन्स भारत _c2014 |
||
| 300 |
_a495पृ0 _ccm. |
||
| 650 | _aहिन्दी साहित्य | ||
| 942 |
_hO152,6N731x, Q4 _cTEXL _2cc |
||
| 999 |
_c1015130 _d1015130 |
||